000 00795nam a2200217Ia 4500
003 GCL
008 140319s9999 xx 000 0 ara d
040 _aGCL /
_cGCL
082 0 4 _a923.2
_bهـ م
100 1 _aمحمد السيد سعيد
245 1 0 _aمحمود عزمى رائد حقوق الانسان فى مصر /
_cمحمد السيد سعيد
700 1 _aهانى نسيرة
260 _aالقاهرة :
_bمركز القاهرة لدراسات حقوق الانسان ،
_c2006
300 _a188 ص ؛
_c24 سم
490 _aسلسلة دراسات حقوق الانسان
_v11
650 0 4 _aحقوق الانسان
650 0 4 _aالرجال - تراجم
650 0 4 _aمحمود عزمى
650 0 4 _aالسياسيون المصريون - تراجم
942 _2ddc
_cBK
999 _c9062
_d9062